Statistiche per Paesi dell'Oceania

Clicka qui per fare il quiz!

Statistiche generali

  • Questo quiz è stato fatto 9.067 volte
  • Il punteggio medio è 11 su 14

Risposte nella Mappa

Le risposte nella mappa del quiz sottostante sono codificate secondo una scala di colori dal rosso al verde in base alla % di persone che hanno risposto correttamente.
 

Statistiche sulle risposte

Paese% Corretto
Australia
100%
Nuova Zelanda
97%
Papua Nuova Guinea
91%
Figi
83%
Micronesia
81%
Isole Marshall
80%
Isole Salomone
78%
Palau
74%
Tuvalu
74%
Vanuatu
72%
Kiribati
71%
Samoa
71%
Nauru
70%
Tonga
70%

Distribuzione punteggi

Percentile per numero di risposta

Percentuale di utenti per punteggio

I tuoi punteggi nel tempo

Non hai fatto questo quiz